The religion of man / (Record no. 1198)

MARC details
000 -LEADER
fixed length control field 02658cam a2200361 i 4500
001 - CONTROL NUMBER
control field 22232897
003 - CONTROL NUMBER IDENTIFIER
control field OSt
005 - DATE AND TIME OF LATEST TRANSACTION
control field 20230619102431.0
008 - FIXED-LENGTH DATA ELEMENTS--GENERAL INFORMATION
fixed length control field 210914s2022 nyu 001 0 eng
010 ## - LIBRARY OF CONGRESS CONTROL NUMBER
LC control number 2021045575
020 ## - INTERNATIONAL STANDARD BOOK NUMBER
International Standard Book Number 9781948626552
Qualifying information (paperback)
020 ## - INTERNATIONAL STANDARD BOOK NUMBER
Canceled/invalid ISBN 9781948626569
Qualifying information (ebook)
040 ## - CATALOGING SOURCE
Original cataloging agency DLC
Language of cataloging eng
Description conventions rda
Transcribing agency DLC
Modifying agency DLC
042 ## - AUTHENTICATION CODE
Authentication code pcc
050 00 - LIBRARY OF CONGRESS CALL NUMBER
Classification number BL50
Item number .T253 2022
082 00 - DEWEY DECIMAL CLASSIFICATION NUMBER
Classification number 200
Item number TAG
100 1# - MAIN ENTRY--PERSONAL NAME
Personal name Tagore, Rabindranath,
Dates associated with a name 1861-1941,
Relator term author.
245 14 - TITLE STATEMENT
Title The religion of man /
Statement of responsibility, etc. Rabindranath Tagore ; foreword by Jon M. Sweeney.
250 ## - EDITION STATEMENT
Edition statement International edition.
264 #1 - PRODUCTION, PUBLICATION, DISTRIBUTION, MANUFACTURE, AND COPYRIGHT NOTICE
Place of production, publication, distribution, manufacture Rhinebeck, New York :
Name of producer, publisher, distributor, manufacturer Monkfish Book Publishing Company,
Date of production, publication, distribution, manufacture, or copyright notice [2022]
300 ## - PHYSICAL DESCRIPTION
Extent xxiv, 194 pages ;
Dimensions 23 cm
336 ## - CONTENT TYPE
Content type term text
Content type code txt
Source rdacontent
337 ## - MEDIA TYPE
Media type term unmediated
Media type code n
Source rdamedia
338 ## - CARRIER TYPE
Carrier type term volume
Carrier type code nc
Source rdacarrier
500 ## - GENERAL NOTE
General note Includes index.
520 ## - SUMMARY, ETC.
Summary, etc. "The Religion of Man is a compilation of lectures by Rabindranath Tagore, edited by Tagore and drawn largely from his Hibbert Lectures given at Oxford University in May 1930. A Brahmo playwright and poet of global renown, Tagore deals with the universal themes of God, divine experience, illumination, and spirituality. This International Edition combines all existent English editions into a single volume, including the previous foreword by Philip Novak; the introduction to the British edition by Andrew Robinson; four appendices from an earlier American edition, featuring a brief conversation between Tagore and Albert Einstein, titlx̀ed "Note on the Nature of Reality" and a new foreword by religion writer and editor Jon M. Sweeney. Tagore is unequivocal in his faith. He appreciates the intellectual triumphs of science, but he writes as a poet and philosopher. Man must always be a music-maker and dreamer of dreams; man must never lose, in his material quests, his longing for the touch of the divine. Tagore traces the growth of the idea of God from primitive notions to universality. Today, as he says, all barriers are down and "the God of humanity has arrived at the gates of the ruined temple of the tribe." His book rings with joy and affirmation, overstepping all limitations of race and creed"--
Assigning source Provided by publisher.
650 #0 - SUBJECT ADDED ENTRY--TOPICAL TERM
Topical term or geographic name as entry element Religion.
700 1# - ADDED ENTRY--PERSONAL NAME
Personal name Sweeney, Jon M.,
Dates associated with a name 1967-
Relator term other.
776 08 - ADDITIONAL PHYSICAL FORM ENTRY
Relationship information Online version:
Main entry heading Tagore, Rabindranath.
Title Religion of man
Place, publisher, and date of publication Rhinebeck, New York : Monkfish Book Publishing Company, [2022]
International Standard Book Number 9781948626569
Record control number (DLC) 2021045576
906 ## - LOCAL DATA ELEMENT F, LDF (RLIN)
a 7
b cbc
c orignew
d 1
e ecip
f 20
g y-gencatlg
942 ## - ADDED ENTRY ELEMENTS (KOHA)
Source of classification or shelving scheme Dewey Decimal Classification
Koha item type Books
Holdings
Withdrawn status Lost status Source of classification or shelving scheme Damaged status Not for loan Home library Current library Date acquired Total Checkouts Full call number Barcode Date last seen Price effective from Koha item type
    Dewey Decimal Classification     County Hall Archives County Hall Archives 06/19/2023   200 TAG 10000898 06/19/2023 06/19/2023 Books
LIBRARY OPENING HOURS

When the Parliament is sitting: 8.00a.m - 7.00p.m or until the house adjourns
Mondays and Fridays and when the House is on Recess:  8.00a.m - 5.00p.m
Closed on Weekends and Public Holidays

Online Public Access Catalog (OPAC)
Website: http://www.parliament.go.ke
Bunge Library: https://libraryir.parliament.go.ke
Contact: library@parliament.go.ke | Tel no: (254-2)2221291 or 2848000 Ext 5043